000 00624nam a2200217Ia 4500
003 OSt
005 20221005133736.0
006 a|||||r|||| 00| 0
007 ta
008 221004b |||||||| |||| 00| 0 pan d
024 _a122908
037 _cTextual
040 _aCRL
_cCRL
_bpan
041 _2pan
_apan
082 _aQ8441xH76w, 153L7
100 _aਸਿੰਘ, ਮਨਮੋਹਨ
245 0 _aਗੁਰੂ ਰਵਿਦਾਸ ਜੀਵਨ ਅਤੇ ਰਚਨਾ
260 _c1977
942 _hQ8441xH76w, 153L7
_cTEXL
_2cc
999 _c1067755
_d1067755